00321nam a2200133Ia 4500008004100000020001500041041001200056082001600068100001800084245002500102260003700127300000800164650001500172221030s9999 xx 000 0 und d a0706985540 aEnglish a105.23bBag aA. K. Bagrial 0aSecretarial Practice bVikas Pub HouseaNew Delhic1999 a363 aManagement